Films & TV Shows of Steve Buscemi by Picture - Statistics

General Stats
  • This quiz has been taken 9 times
  • The average score is 9 of 18
Answer Stats
Picture Hint Answer % Correct
Quentin Tarantino : 1992 Reservoir Dogs
100%
Joel Coen : 1998 The Big Lebowski
100%
TV Series, Seasons 5 & 6 : 2004-2006 The Sopranos
100%
Joel Coen : 1996 Fargo
88%
TV Series : 2010-2014 Boardwalk Empire
75%
Michael Bay : 1998 Armageddon
50%
Simon West : 1997 Con Air
50%
TV Series : Season 2 : 2025 Wednesday
50%
TV Series : 2007-2013 30 Rock
38%
Jim Jarmusch : 2003 Coffee and Cigarettes
38%
Armando Iannucci : 2017 The Death of Stalin
38%
Joel Coen : 1991 Barton Fink
25%
Terry Zwigoff : 2001 Ghost World
25%
Tom DiCillo : 1995 Living In Oblivion
25%
Joel Coen : 1990 Miller's Crossing
25%
TV Series : 2019-2023 Miracle Workers
25%
Jim Jarmusch : 1989 Mystery Train
25%
Gary Fleder : 1995 Things to Do in Denver When You're Dead
25%
No matching quizzes found
Score Distribution
Percent of People with Each Score
Percentile by Number Answered
Your Score History
You have not taken this quiz